Bautistas Argentinos : (Record no. 27605)

MARC details
000 -LEADER
campo de control de longitud fija 01502ntaaa2200409 4500
003 - IDENTIFICADOR DE NÚMERO DE CONTROL
campo de control 01
005 - FECHA Y HORA DE LA ÚLTIMA TRANSACCIÓN
campo de control 20251027203220.0
008 - DATOS DE LONGITUD FIJA--INFORMACIÓN GENERAL
campo de control de longitud fija 0714s1973 ag 01
040 ## - FUENTE DE CATALOGACIÓN
Centro catalogador/agencia de origen AR-BaBN
Lengua de catalogación spa
Centro/agencia transcriptor AR-BaBN
Normas de descripción aacr
Centro/agencia modificador RIC
082 ## - NÚMERO DE LA CLASIFICACIÓN DECIMAL DEWEY
Número de clasificación 286.182 C16 (1)
082 ## - NÚMERO DE LA CLASIFICACIÓN DECIMAL DEWEY
Número de clasificación 286.182 C16 (2)
100 ## - ENTRADA PRINCIPAL--NOMBRE DE PERSONA
Nombre de persona Canclini, Arnoldo
9 (RLIN) 38
245 ## - MENCIÓN DEL TÍTULO
Título Bautistas Argentinos :
Resto del título Origen y desarrollo /
Mención de responsabilidad, etc. Arnoldo Canclini
250 ## - MENCION DE EDICION
Mención de edición 1ª ed.
260 ## - PUBLICACIÓN, DISTRIBUCIÓN, ETC.
Lugar de publicación, distribución, etc. Buenos Aires :
Nombre del editor, distribuidor, etc. Convención Evangélica Bautista Argentina,
Fecha de publicación, distribución, etc. 2008
300 ## - DESCRIPCIÓN FÍSICA
Extensión 283 p.
505 ## - NOTA DE CONTENIDO CON FORMATO
Título El precursor: Diego Thompson
505 ## - NOTA DE CONTENIDO CON FORMATO
Título Intérvalo
505 ## - NOTA DE CONTENIDO CON FORMATO
Título La vertiente europea (I). Los galeses del chubut: la primera iglesia
505 ## - NOTA DE CONTENIDO CON FORMATO
Título La vertiente europea (II). Independientes y la misión irlandesa
505 ## - NOTA DE CONTENIDO CON FORMATO
Título La vertiente europea (III). Pablo Besson
505 ## - NOTA DE CONTENIDO CON FORMATO
Título La vertiente europea (IV). Los alemanes del Volga
505 ## - NOTA DE CONTENIDO CON FORMATO
Título La vertiente norteamericana. Los bautistas del sur
505 ## - NOTA DE CONTENIDO CON FORMATO
Título La vertiente nacional
505 ## - NOTA DE CONTENIDO CON FORMATO
Título Algunas reflexiones
505 ## - NOTA DE CONTENIDO CON FORMATO
Título La convención: vida institucional
505 ## - NOTA DE CONTENIDO CON FORMATO
Título Las iglesias: vida congregacional
505 ## - NOTA DE CONTENIDO CON FORMATO
Título Repaso conciso de la historia congregacional (1930-2008)
650 ## - PUNTO DE ACCESO ADICIONAL DE MATERIA--TÉRMINO DE MATERIA
Término de materia o nombre geográfico como elemento de entrada CONVENCION EVANGELICA BAUTISTA ARGENTINA
9 (RLIN) 22880
650 ## - PUNTO DE ACCESO ADICIONAL DE MATERIA--TÉRMINO DE MATERIA
Término de materia o nombre geográfico como elemento de entrada CENTENARIO 1908-2008
9 (RLIN) 34201
650 ## - PUNTO DE ACCESO ADICIONAL DE MATERIA--TÉRMINO DE MATERIA
Término de materia o nombre geográfico como elemento de entrada DIEGO THOMPSON
9 (RLIN) 34202
650 ## - PUNTO DE ACCESO ADICIONAL DE MATERIA--TÉRMINO DE MATERIA
Término de materia o nombre geográfico como elemento de entrada MISION IRLANDESA
9 (RLIN) 34203
650 ## - PUNTO DE ACCESO ADICIONAL DE MATERIA--TÉRMINO DE MATERIA
Término de materia o nombre geográfico como elemento de entrada ORIGEN CONVENCION
9 (RLIN) 34204
650 ## - PUNTO DE ACCESO ADICIONAL DE MATERIA--TÉRMINO DE MATERIA
Término de materia o nombre geográfico como elemento de entrada ALEMANES DEL VOLGA
9 (RLIN) 34205
650 ## - PUNTO DE ACCESO ADICIONAL DE MATERIA--TÉRMINO DE MATERIA
Término de materia o nombre geográfico como elemento de entrada BAUTISTAS DEL SUR
9 (RLIN) 22751
942 ## - ELEMENTOS DE ENTRADA SECUNDARIOS (KOHA)
Tipo de ítem Koha Colección General
Holdings
Estatus retirado Estado de pérdida Estado de daño No para préstamo Biblioteca de origen Biblioteca actual Fecha de adquisición Número de inventario Total de préstamos Signatura topográfica completa Código de barras Visto por última vez Precio de reemplazo Tipo de ítem Koha
        Biblioteca Pluis Biblioteca Pluis 27/10/2025 043929   286.182 C16 (1) 043929 27/10/2025 27/10/2025 Colección General
        Biblioteca Pluis Biblioteca Pluis 27/10/2025 043930   286.182 C16 (2) 043930 27/10/2025 27/10/2025 Colección General